Normal view
MARC view
- Gaber, Sharon.
Entry Personal Name
001 - CONTROL NUMBER
- control field: 25002
003 - CONTROL NUMBER IDENTIFIER
- control field: NUST
005 - DATE AND TIME OF LATEST TRANSACTION
- control field: 20191029192707.0
008 - FIXED-LENGTH DATA ELEMENTS
- fixed length control field: 191029|| aca||aabn | a|a d
040 ## - CATALOGING SOURCE
- Original cataloging agency: NUST
- Transcribing agency: NUST
100 ## - HEADING--PERSONAL NAME
- Personal name: Gaber, Sharon.
670 ## - SOURCE DATA FOUND
- Source citation: Work cat.: (NUST)0: Gaber, John. 25001, Qualitative analysis for planning and policy :, c2007.
